Middle East (Record no. 535469)

MARC details
000 -LEADER
fixed length control field 00667nam a2200253Ia 4500
003 - CONTROL NUMBER IDENTIFIER
control field OSt
005 - DATE AND TIME OF LATEST TRANSACTION
control field 20220925200118.0
008 - FIXED-LENGTH DATA ELEMENTS--GENERAL INFORMATION
fixed length control field 220923b |||||||| |||| 00| 0 eng d
037 ## - SOURCE OF ACQUISITION
Terms of availability General Book
040 ## - CATALOGING SOURCE
Original cataloging agency RTL
Transcribing agency RTL
Language of cataloging eng
041 ## - LANGUAGE CODE
Source of code eng
Language code of text/sound track or separate title eng
100 ## - MAIN ENTRY--PERSONAL NAME
Personal name Bucher Henry
9 (RLIN) 256690
245 #0 - TITLE STATEMENT
Title Middle East
260 ## - PUBLICATION, DISTRIBUTION, ETC.
Place of publication, distribution, etc. Connrcticut
Name of publisher, distributor, etc. Dushkin Publishers
Date of publication, distribution, etc. 1984
300 ## - PHYSICAL DESCRIPTION
Extent 150p
Dimensions cm.
490 ## - SERIES STATEMENT
Series statement Third World Series
500 ## - GENERAL NOTE
General note Bibliography: p 135-146
650 ## - SUBJECT ADDED ENTRY--TOPICAL TERM
Topical term or geographic name entry element Sociology
942 ## - ADDED ENTRY ELEMENTS (KOHA)
Classification part Y.46.N8, M4
Koha item type General Books
Source of classification or shelving scheme Colon Classification (CC)

No items available.

Copyright @ Delhi University Library System